| 000 | 00382nam a22001577a 4500 | ||
|---|---|---|---|
| 005 | 20200606120408.0 | ||
| 008 | 200606b xxu||||| |||| 00| 0 eng d | ||
| 041 | _aeng | ||
| 082 | _a345.4 | ||
| 110 |
_aLAW _95789 |
||
| 245 | _aALL INDIA REPORTER 1996 (V-83) SUPREME COURT SEC. | ||
| 260 |
_aMUMBAI _bAIR, PVT LTD |
||
| 300 | _a2832;p | ||
| 650 |
_aLAW _95789 |
||
| 942 | _cJRL | ||
| 999 |
_c6851 _d6849 |
||